Taqdīrāt al-dakhl al-qawmī. (Record no. 47092)

MARC details
000 -LEADER
fixed length control field 00609cam a22002291 4500
001 - CONTROL NUMBER
control field ne 64001443
003 - CONTROL NUMBER IDENTIFIER
control field DLC
005 - DATE AND TIME OF LATEST TRANSACTION
control field 20260227111800.0
008 - FIXED-LENGTH DATA ELEMENTS--GENERAL INFORMATION
fixed length control field 890420s1962 xx a s 000 0 ara
010 ## - LIBRARY OF CONGRESS CONTROL NUMBER
LC control number ne 64001443
035 ## - SYSTEM CONTROL NUMBER
System control number (OCoLC)23488419
040 ## - CATALOGING SOURCE
Original cataloging agency DLC
Transcribing agency MiU
Modifying agency DLC
042 ## - AUTHENTICATION CODE
Authentication code premarc
043 ## - GEOGRAPHIC AREA CODE
Geographic area code f-ua---
050 00 - LIBRARY OF CONGRESS CALL NUMBER
Classification number HC540.I5
Item number A53
110 1# - MAIN ENTRY--CORPORATE NAME
Corporate name or jurisdiction name as entry element United Arab Republic.
Subordinate unit Maṣlaḥat al-Iḥṣāʼ wa-al-Taʻdād.
245 10 - TITLE STATEMENT
Title Taqdīrāt al-dakhl al-qawmī.
260 ## - PUBLICATION, DISTRIBUTION, ETC.
Date of publication, distribution, etc. [1962]
300 ## - PHYSICAL DESCRIPTION
Extent 41 p.
Other physical details tables.
Dimensions 34 cm.
500 ## - GENERAL NOTE
General note Romanized.
650 #0 - SUBJECT ADDED ENTRY--TOPICAL TERM
Topical term or geographic name entry element Income
Geographic subdivision Egypt
Form subdivision Statistics.

No items available.

Powered by Koha